<?xml version="1.0" encoding="UTF-8"?>
<record
    xmlns:xsi="http://www.w3.org/2001/XMLSchema-instance"
    xsi:schemaLocation="http://www.loc.gov/MARC21/slim http://www.loc.gov/standards/marcxml/schema/MARC21slim.xsd"
    xmlns="http://www.loc.gov/MARC21/slim">

  <leader>01444nam a22002297a 4500</leader>
  <controlfield tag="003">AR-RoUNCS</controlfield>
  <controlfield tag="005">20260204145606.0</controlfield>
  <controlfield tag="008">091130s2008    ag     gr     001 f spa  </controlfield>
  <datafield tag="015" ind1=" " ind2=" ">
    <subfield code="a">AR-2008</subfield>
  </datafield>
  <datafield tag="020" ind1=" " ind2=" ">
    <subfield code="a">978-987-04-0986-1</subfield>
  </datafield>
  <datafield tag="040" ind1=" " ind2=" ">
    <subfield code="a">AR-BaBN</subfield>
    <subfield code="b">spa</subfield>
    <subfield code="c">AR-RoUNCS</subfield>
    <subfield code="e">aacr</subfield>
  </datafield>
  <datafield tag="080" ind1="1" ind2=" ">
    <subfield code="a">82-31(72)</subfield>
    <subfield code="2">2016</subfield>
  </datafield>
  <datafield tag="100" ind1="1" ind2=" ">
    <subfield code="a">Fuentes, Carlos,</subfield>
    <subfield code="d">1928-2012</subfield>
    <subfield code="e">autor</subfield>
    <subfield code="4">aut</subfield>
  </datafield>
  <datafield tag="245" ind1="1" ind2="3">
    <subfield code="a">La muerte de Artemio Cruz /</subfield>
    <subfield code="c">Carlos Fuentes.</subfield>
  </datafield>
  <datafield tag="250" ind1=" " ind2=" ">
    <subfield code="a">1a ed.</subfield>
  </datafield>
  <datafield tag="260" ind1=" " ind2=" ">
    <subfield code="a">Buenos Aires :</subfield>
    <subfield code="b">Aguilar, Altea, Taurus, Alfaguara,</subfield>
    <subfield code="c">2008.</subfield>
  </datafield>
  <datafield tag="300" ind1=" " ind2=" ">
    <subfield code="a">359 p. ;</subfield>
    <subfield code="c">24 cm.</subfield>
  </datafield>
  <datafield tag="520" ind1="3" ind2=" ">
    <subfield code="a">La novela relata las &#xFA;ltimas horas de vida de Artemio Cruz, un poderoso hombre de la pol&#xED;tica y los negocios en M&#xE9;xico, mientras agoniza en su cama.

A trav&#xE9;s de una estructura fragmentada, la narraci&#xF3;n alterna entre el presente de su lecho de muerte y diferentes momentos de su pasado.

De este modo, se revisa su infancia, su ascenso durante la Revoluci&#xF3;n Mexicana, sus amores, traiciones, p&#xE9;rdidas, negocios turbios y alianzas pol&#xED;ticas.

Cada episodio revela c&#xF3;mo Artemio, que en su juventud luch&#xF3; por ideales revolucionarios, termin&#xF3; convirti&#xE9;ndose en un hombre c&#xED;nico, autoritario y corrupto.

A lo largo del texto, el protagonista se confronta consigo mismo. Revive errores, se atormenta con recuerdos y se enfrenta al vac&#xED;o moral que lo consume.</subfield>
  </datafield>
  <datafield tag="650" ind1=" " ind2="7">
    <subfield code="2">embne</subfield>
    <subfield code="a">Literatura mexicana</subfield>
  </datafield>
  <datafield tag="655" ind1=" " ind2="7">
    <subfield code="a">Novelas hist&#xF3;ricas</subfield>
    <subfield code="2">embne</subfield>
  </datafield>
  <datafield tag="942" ind1=" " ind2=" ">
    <subfield code="2">udc</subfield>
    <subfield code="c">LPD</subfield>
    <subfield code="n">0</subfield>
  </datafield>
  <datafield tag="999" ind1=" " ind2=" ">
    <subfield code="c">878</subfield>
    <subfield code="d">878</subfield>
  </datafield>
  <datafield tag="952" ind1=" " ind2=" ">
    <subfield code="0">0</subfield>
    <subfield code="1">0</subfield>
    <subfield code="2">udc</subfield>
    <subfield code="4">0</subfield>
    <subfield code="7">0</subfield>
    <subfield code="8">CG</subfield>
    <subfield code="a">ESOCIALES</subfield>
    <subfield code="b">ESOCIALES</subfield>
    <subfield code="d">2026-02-04</subfield>
    <subfield code="e">Donaci&#xF3;n 2023</subfield>
    <subfield code="l">0</subfield>
    <subfield code="o">82-31/72) F954</subfield>
    <subfield code="p">000207</subfield>
    <subfield code="r">2026-02-04 14:56:47</subfield>
    <subfield code="w">2026-02-04</subfield>
    <subfield code="y">LPD</subfield>
  </datafield>
</record>
